000 00453nam a22001817a 4500
999 _c478621
_d478621
003 NUST
005 20180606065032.0
008 180606b ||||| |||| 00| 0 eng d
020 _a9788126511136
038 _aSNS Library
082 _a543 CHR 2016
100 _aGary D. Christin
_911052
245 _aAnalytical Chemistry
_cGary D. Christin
250 _a6th Ed.
260 _aIndia
_bWiley
_c2016
300 _a828 p.
_bPb.
942 _2ddc
_cBK